000 00458nam a2200133 a 4500
001 000045158
005 20201002045927.0
008 150205s2001 dr 000 0 spa d
040 _aDO-SdBNP
_bspa
_cBNPHU
082 _axxxxxxx
_bxxxxxxx
245 0 0 _aEncuesta de Opinión, actitud y motivación a extranjeros no residentes :
_benero-diciembre 2000.
260 _aSanto Domingo :
_bBanco Central de la República Dominicana,
_c2001.
300 _a111 p. ;
_c28 cm.
999 _c44647
_d44647